Ján Petrikovich

Bibliographic Details
Main Author: Dudok, Miroslav, 1952- (Author)
Format: Article
Language:Slovak
Subjects:

MARC

LEADER 00000nab a2200000 a 4500
001 vtls000929716
003 SK-MaSNL
005 20260304213804.0
008 140527e20020000xo 0 slo
035 |a KE38593 
040 |a KEVKJB  |b slo  |c KEVKJB  |e AACR2 
041 0 |a slo 
044 |a xo  |c SK 
080 |a 930-051  |2 1981 
100 1 |a Dudok, Miroslav,  |d 1952-  |4 aut  |9 106062 
245 1 0 |a Ján Petrikovich 
590 |a Petrikovich, Ján 1878-? 
600 1 7 |a Petrikovich, Ján Štefan,  |d 1878-1948  |2 KEVKJB  |9 110147 
650 0 7 |a pôsobenie  |2 KEVKJB  |9 877655 
651 7 |a Košice (Slovensko)  |2 KEVKJB  |9 18694 
773 0 8 |t RAK  |g Roč. 7 
852 |a ZVYKNI  |b KIS3GCP 
999 |c 3137608  |d 3139538